McFly et Carlito "Je me Souviens" - Paroles Manquantes - Statistiques

Statistiques générales
  • Ce quiz a été pris 218 fois
    201 depuis la dernière actualisation
  • Le résultat moyen est 28 sur 37
Statistiques - réponses
Réponse % Correct
J'utilise pas les {gels} hydroalcooliques
94%
mon {coude} était trop loin
93%
J'en pouvais plus d'pas {respirer}
91%
Pour mes {enfants} et pour la France
86%
Où les seules barrières étaient celles dans les champs de {vaches}
84%
Où les seules barrières étaient celles dans les champs de {vaches}
84%
Je t'avoue que j'en peux plus d'ce {masque}
83%
Je t'avoue qu'j'en peux plus d'ce {masque}
83%
Je me souviens de ce {monde}
82%
Et une place en crèche pour mon {neveu} Maxence
80%
Si tu pouvais faire sauter mes {amendes}
80%
Y'avait trop de monde dans l'{ascenseur},
79%
C'est pas pour moi c'est pour un {ami}
78%
J'te promets {Manu} je vais faire gaffe
78%
J'te promets {Manu} je vais faire gaffe
78%
Pour mes enfants et pour la {France}
78%
il faut {appliquer} les gestes barrières
76%
il faut {appliquer} les gestes barrières
76%
J'ai pas fait de test avant d'aller voir {Mamie}
75%
Je me {souviens} de ce monde,
74%
Pardon c'est pas très {Covid}
74%
J'ai peur de manquer de {patience}
72%
J'ai peur de manquer de {patience}
72%
(ou de {brebis})
72%
Pourrais-tu me remettre des points sur un {permis}
72%
Ça fait un bail que j'ai pas aéré la {pièce}
71%
Promis, juré, {craché}
70%
{Pardon} j'ai un peu pris la confiance
68%
Quand je sais qu'ils sont trop {gras}
68%
Si l'on veut retrouver ces {sensations} d'hier,
68%
Si l'on veut retrouver ces {sensations} d'hier,
68%
j'ai accepté un {apéro}
66%
c'est {faux} (19h12)
65%
J'ai ôté mon masque en {voiture}
65%
Rassurez-vous, elle a {survit} (survécu)
63%
(ou bien de {dindons})
52%
Il se peut que {potentiellement} peut-être,
44%
Aucun quiz correspondant
Distribution des résultats
% des personnes avec chaque résultat
Percentile par nombre de réponses
Votre historique - résultats
Vous n’avez pas pris ce quiz depuis la dernière actualisation